LIBRARY & INFORMATION CENTRE, KCAET, TAVANUR

ONLINE PUBLIC ACCESS CATALOGUE (OPAC)

Pre Degree Mathematics, Part 1 / (Record no. 3249)

MARC details
000 -LEADER
fixed length control field 00581cam a2200229ua 4500
041 ## - LANGUAGE CODE
Language code of text/sound track or separate title eng
082 ## - DEWEY DECIMAL CLASSIFICATION NUMBER
Classification number 510
Item number THO/PR
100 ## - MAIN ENTRY--AUTHOR NAME
Personal name Thomas, Moothedan .
245 ## - TITLE STATEMENT
Title Pre Degree Mathematics, Part 1 /
250 ## - EDITION STATEMENT
Edition statement 1 /
260 ## - PUBLICATION, DISTRIBUTION, ETC. (IMPRINT)
Place of publication Chennai :
Name of publisher The National Publishing Co ,
Year of publication 1964.
300 ## - PHYSICAL DESCRIPTION
Number of Pages 448 ; .
650 ## - SUBJECT ADDED ENTRY--TOPICAL TERM
Topical Term Mathematics
700 1# - ADDED ENTRY--PERSONAL NAME
Personal name Subhrahmaniam, P V .
942 ## - ADDED ENTRY ELEMENTS (KOHA)
Koha item type Books
Holdings
Withdrawn status Lost status Damaged status Home library Current library Date acquired Full call number Accession Number Koha item type Public note
Withdrawn     KAUAET KAUAET 07/04/2012 510 7737 Books  
Withdrawn   Damaged KAUAET KAUAET 07/04/2012 510 7738 Books  
Withdrawn     KAUAET KAUAET 02/02/2021 510 THO/PR 7739 Books  
Withdrawn     KAUAET KAUAET 02/02/2021 510 THO/PR 7740 Books  
Withdrawn     KAUAET Sanskrit University 07/04/2012 510 7736 Books Transferred to Sanskrit University
free website counter